000 00506nam a2200145Ia 4500
008 100204s9999 xx 000 0 und d
082 _b19726
100 _aपाठक सुरेश त्रं.
245 _aअस्त अस्मितेचा
260 _b"अश्वमेध प्रकाशन, डोंबिवली"
_c1995
300 _a255
630 _aअस्त अस्मितेचा
730 _aअस्त अस्मितेचा
942 _cBOOK
999 _c464148
_d464145